| 000 | 01325nam0a22002771 4500 | ||
|---|---|---|---|
| 001 | rc\1061725 | ||
| 005 | 20041129104058.7 | ||
| 035 | _a(NLR Aleph) 006222410 | ||
| 090 |
_a6484161 _c6484161 |
||
| 100 | _a20041129d1980 u |0rusy50 ca | ||
| 101 | 0 | _arus | |
| 102 | _aRU | ||
| 105 | _aa ||||||||| | ||
| 200 | 1 |
_aСистемы интерактивной машинной графики в автоматизированном проектировании за рубежом _f[Подгот. к. т. н. В.А. Егоров, к. т. н. В.С. Тимощук, И.В. Титкин] |
|
| 210 |
_aМ. _cГосИНТИ _d1980 |
||
| 215 |
_a33 с., 1 отд. л. табл. _d22 |
||
| 225 | 1 |
_aМежотраслевые вопросы науки и техники _eОбзор. информ. _fОб-ние по руководству НТИ и пропагандой в РСФСР при Гос. ком. СССР по науке и технике, Гос. НИИ науч. и техн. информ. _vВып. 6 |
|
| 320 | _aБиблиогр.: с. 32-33 | ||
| 700 | 1 |
_aЕгоров _bВ. А. _gВладимир Александрович |
|
| 701 | 1 |
_aТимощук _bВ. С. |
|
| 701 | 1 |
_aТиткин _bИ. В. |
|
| 801 | 0 |
_aRU _bNLR _gpsbo |
|
| 801 | 1 |
_aRU _bELAR _2rusmarc |
|
| 852 |
_aNLR _jП10/5488 |
||
| 942 | _cBOOK | ||
| 980 | _aNB | ||